| 000 | | | 05027cam0a2200313#x 450 |
| 001 | | | dc034f52-4420-4552-bb82-51f4b10d3e8a |
| 005 | | | 20240220094703.0 |
| 100 | ## | $a | 20240216j194301##k###0rusy50 ca |
| 101 | 0# | $a | rus |
| 102 | ## | $a | RU |
| 122 | 0# | $a | d194301#### |
| 200 | 1# | $a | Листовка Главного политуправления Красной армии с фотографиями немецких и румынских генералов, взятых в плен в районе Сталинграда |
| | $j | Январь 1943 г. |
| 251 | ## | $c | Документ |
| 300 | ## | $a | Типографский экз. |
| 461 | #0 | $1 | 2001 |
| | $a | Ф. 32 |
| | $1 | 251 |
| | $c | Фонд |
| | $1 | 852 |
| | $j | 32 |
| 462 | #0 | $1 | 2001 |
| | $a | Оп. А-32531 |
| | $1 | 251 |
| | $c | Опись |
| | $1 | 852 |
| | $j | А-32531 |
| 462 | #0 | $1 | 2001 |
| | $a | Д. 64 |
| | $v | Л. 174об. |
| | $1 | 251 |
| | $c | Дело |
| | $1 | 852 |
| | $j | 64 |
| 601 | 02 | $a | Рабоче-Крестьянская Красная армия |
| | $c | 1918-1946 |
| | $b | Главное политическое управление |
| | $j | Листовки |
| | $2 | prlib_sh |
| 605 | ## | $2 | prlib_sh |
| | $3 | LIBNET\UAF\0000088514 |
| | $a | Вторая мировая война в архивных документах (Комплекс оцифрованных архивных документов, кино- и фотоматериалов) |
| | $l | коллекция |
| 606 | 1# | $2 | nlr_sh |
| | $3 | RU\NLR\AUTH\661261857 |
| | $a | Сталинградская битва |
| | $z | 1942 - 1943 |
| | $j | Листовки |
| 606 | 1# | $2 | nlr_sh |
| | $3 | RU\NLR\AUTH\661524615 |
| | $a | Великая Отечественная война |
| | $z | 1941 - 1945 |
| | $x | Немецкие военнопленные |
| | $j | Листовки |
| 606 | 1# | $2 | uaf_libnet |
| | $3 | LIBNET\UAF\0000110892 |
| | $a | Военнопленные румынские |
| | $y | СССР |
| | $z | 1941 - 1945 |
| | $j | Листовки |
| 686 | ## | $a | 63.3(2)622,12ю1 |
| | $v | LBC/M |
| | $2 | rubbk |
| 686 | ## | $a | 63.3(2)622,72ю1 |
| | $v | LBC/M |
| | $2 | rubbk |
| 801 | #0 | $a | RU |
| | $b | ПБ им. Б.Н. Ельцина |
| | $c | 20240216 |
| 801 | #1 | $a | RU |
| | $b | ПБ им. Б.Н. Ельцина |
| | $c | 20240216 |
| | $2 | rusmarc |
| 801 | #2 | $a | RU |
| | $b | ПБ им. Б.Н. Ельцина |
| | $c | 20240220 |
| | $2 | rusmarc |
| 850 | ## | $a | Центральный архив Министерства обороны Российской Федерации |
| 852 | ## | $a | ЦА МО РФ |
| | $j | Л. 174об. |
| 035 | ## | $a | LIBNET\0001381605 |
| 937 | ## | $d | 191019430 |
| | $h | Федеральное архивное агентство |
| 856 | 4# | $u | http://readingroom.main.prlib.ru/item.aspx?id_node=n191019430&mode=full |